000 00546nam a2200205Ia 4500
005 20250508150920.0
008 008 250505s9999 xx 000 0 eng d
037 _aTextual
040 _aFEDL
_beng
_cFEDL
041 _aeng
_2eng
084 _a121, SIN
_qFEDL
100 _aSinclair Angus
_9641227
245 0 _aConditions of knowing
260 _aLondon, UK
_bRoutledge and Kegan Paul Limited
_c1951
300 _a260p
365 _aINR
_b16
650 _aPhilosophy
942 _cTEXL
_h121, SIN
999 _c1326439
_d1326439